Conformal mapping /

Guardado en:
Autor Principal: Nehari, Zeev.
Formato: Libro
Idioma:English
Publicado: New York : McGraw-Hill, 1952.
Edición:1st ed.
Series:International series in pure and applied mathematics
Etiquetas: Agregar Etiqueta
Sin Etiquetas, Sea el primero en etiquetar este registro!
LEADER 00560nam a22001815a 4500
001 MAT.inmabb000371
008 031209s1952####nyu###########001#0#eng#d
005 20130307183441.0
245 1 0 |a Conformal mapping /  |c Zeev Nehari. 
250 |a 1st ed. 
260 |a New York :  |b McGraw-Hill,  |c 1952. 
300 |a viii, 396 p. ;  |c cm. 
440 0 |a International series in pure and applied mathematics 
510 4 |a MR,  |c 13,640h 
100 1 |a Nehari, Zeev. 
084 |a 30Cxx  |2 msc2000 
859 |h 30  |i N395  |p A-107  |b BIB. MATEMATICA 
859 |h 30  |i N395  |p A-1139  |t Ej. 2  |b BIB. MATEMATICA